| 000 | 02176cam a2200373Ia 4500 | ||
|---|---|---|---|
| 999 |
_c9583 _d9583 |
||
| 001 | 30847599 | ||
| 003 | OCoLC | ||
| 005 | 20241126110715.0 | ||
| 008 | 940729s1993 enk b 001 0 eng d | ||
| 010 | _a 68092647 | ||
| 020 | _a0140231994 | ||
| 020 | _a9780140231991 | ||
| 035 |
_a(OCoLC)30847599 _z(OCoLC)977909992 _z(OCoLC)1166999497 _z(OCoLC)1201854078 |
||
| 040 |
_aTSW _beng _cTSW _dOCLCQ _dBAKER _dNLGGC _dCBC _dUW1 _dE5G _dOCLCQ _dYDXCP _dOCLCA _dLMR _dBDX _dOCLCO _dOCLCQ _dOCLCF _dCFT _dOCLCQ _dOCL _dOCLCQ _dNZABT _dCNUTO _dOCLCQ _dDHA _dWW9 _dOCLCQ _dPAU _dOCLCQ _dAU@ _dUKUOY _dOCLCQ _dL2U _dUKEHC _dOCLCO _dCIRBC |
||
| 050 | 4 |
_aBR165 _b.C48 1993 |
|
| 082 | 0 | 4 |
_a270.1 _220 _bCHA |
| 086 | 0 | _aHIS1010 | |
| 092 | 0 |
_a270.1 _bC4325 |
|
| 100 | 1 |
_aChadwick, Henry, _d1920-2008. _98636 |
|
| 245 | 1 | 4 |
_aThe early church / _cHenry Chadwick. |
| 250 | _aRev. ed. | ||
| 260 |
_aLondon ; _aNew York : _bPenguin Books, _c1993. |
||
| 300 |
_a314 pages ; _c19 cm |
||
| 336 |
_atext _btxt _2rdacontent |
||
| 337 |
_aunmediated _bn _2rdamedia |
||
| 338 |
_avolume _bnc _2rdacarrier |
||
| 490 | 1 |
_aPenguin history of the church ; _v1 |
|
| 504 | _aIncludes bibliographical references and index. | ||
| 505 | 0 | _aFrom Jerusalem to Rome -- Faith and order -- Expansion and growth -- Justin and Irenaeus -- Easter, the monarchian controversy, and Tertullian -- Clement of Alexandria and Origen -- Church, state and society in the third century -- Constantine and the Council of Nicaea -- The Arian controversy after the council of Nicaea -- The conflict of paganism and Christianity in the fourth century -- Church, state and society from Julian to Theodosius -- The ascetic movement -- The controversy about Origen and the tragedy of John Chrysostom -- The problem of the person of Christ -- The development of Latin Christian thought -- The papacy -- The church and the barbarians -- Worship and art. | |
| 520 | _aThe story of emergent Christianity from the apostolic age to the dividing of the ways between the Greek East and the Latin West. --Cover. | ||
| 650 | 0 |
_aChurch history _yPrimitive and early church, ca. 30-600. _9965 |
|
| 830 | 0 |
_aPenguin history of the church ; _v1. _916652 |
|
| 942 |
_2ddc _cBK _01 |
||